Villes du Monde en E (Difficile) - Statistiques

Statistiques générales
  • Ce quiz a été pris 103 fois
  • Le résultat moyen est 3 sur 12
Statistiques - réponses
Hint Réponse % Correct
Capitale de l'Etat canadien de l'Alberta Edmonton
87%
Grand ville de la région industrielle de la Ruhr, en Allemagne Essen
73%
Capitale du Kurdistan Irakien Erbil
43%
Ville au sud de Lisbonne qui accueille le Grand Prix Moto du Portugal Estoril
36%
Grande ville finlandaise située en périphérie de Helsinki Espoo
33%
Autre ville proche de la précédente, avec un nom de personnage biblique Eve
21%
"Capitale" de Tristan-da-Cunha, qui tient son nom d'une ville du volume facile Edimbourg-des-Sept-Mers
16%
Plus grand ville du Sahara Occidental, toujours officiellement une région marocaine El Ayoun
14%
Ville de l'Oise chère à Jean-Jacques Rousseau Ermenonville
12%
Grande ville du Soudan, capitale du Kordofan Septentrional El Obeid
6%
Ville d'où est originaire Ingvar Kamprad, créateur d'IKEA, et où elle a été fondée Elmtaryd
3%
Ville de l'ouest de la Libye, située juste au Sud de Tripoli El Khoms
2%
Aucun quiz correspondant
Distribution des résultats
% des personnes avec chaque résultat
Percentile par nombre de réponses
Votre historique - résultats
Vous n’avez pas pris ce quiz